000 00577nam a22002057a 4500
999 _c31895
_d31895
003 OSt
005 20250422153113.0
008 250422b ||||| |||| 00| 0 eng d
020 _a9788123904863
_cRs 160.00
040 _cimukc
041 _aeng
082 _a530
_bS61735
100 _aSingh, Abhay Kumar
_95851
245 _aSolutions to I.E. Irodov's problems in general physics. Volume II /
250 _a2nd ed.
260 _aNew Delhi :
_bCBS Publishers & Distributors,
_c2006.
300 _avii, 394 p. :
_bill. ;
_c24 cm
650 0 _936
_aPhysics
942 _2ddc
_cBK